[Event "Bronshoj-Nordre 1"]
[Site "1 Division 2002-2003 runde 6"]
[Date "2003.03.15"]
[Round "6.1"]
[White "Christian Kyndel Pedersen"]
[Black "Kim Pilgaard"]
[Result "1-0"]
[WhiteElo "2279"]
[BlackElo "2432"]
[PlyCount "65"]

1. d4 d5 2. c4 c6 3. Nf3 Nf6 4. Nc3 a6 5. e3 b5 6. b3 g6 7. Be2 Bg7 8. O-O Nbd7
9. Bb2 O-O 10. Ne5 Qc7 11. f4 Qb7 12. Qc2 Nb6 13. Bd3 Ng4 14. Nxg4 Bxg4 15. c5
Nd7 16. h3 Be6 17. g4 Nf6 18. Ne2 Kh8 19. Ng3 Qc7 20. Qe2 Ng8 21. Qf3 Bd7 22.
Rae1 Rae8 23. Bc3 Qc8 24. Rf2 Nh6 25. f5 Bf6 26. Qf4 Qb8 27. g5 Bxg5 28. Qxg5
gxf5 29. Qf4 Rg8 30. Qxb8 Rxb8 31. Kh2 b4 32. Bd2 e6 33. e4 1-0

[Event "Bronshoj-Nordre 1"]
[Site "1 Division 2002-2003 runde 6"]
[Date "2003.03.15"]
[Round "6.2"]
[White "Carsten Hoi"]
[Black "Poul Erik Nielsen"]
[Result "1-0"]
[WhiteElo "2412"]
[BlackElo "2219"]
[PlyCount "83"]

1. d4 g6 2. e4 Bg7 3. c4 d6 4. Nc3 e5 5. Nge2 exd4 6. Nxd4 Nc6 7. Be3 Nge7 8.
h4 f5 9. Nxc6 bxc6 10. Bd4 Bxd4 11. Qxd4 O-O 12. O-O-O fxe4 13. Nxe4 Nf5 14.
Qd2 Qe7 15. Bd3 Nd4 16. h5 Bf5 17. hxg6 Bxg6 18. Nc3 Bxd3 19. Qxd3 Qg5+ 20. Kb1
Qf5 21. Ne4 c5 22. Rh6 Rae8 23. f3 Re7 24. Rdh1 Rg7 25. R6h2 Re8 26. a3 a5 27.
Rh5 Qf8 28. Rh6 Re6 29. Rxe6 Nxe6 30. Qd5 Rg6 31. Ka2 Qf7 32. Rh2 Qf4 33. g3
Qc1 34. f4 c6 35. Qd3 Nd4 36. Nxd6 a4 37. Qe4 Ne6 38. f5 Rxg3 39. Qxe6+ Kg7 40.
Qe7+ Kg8 41. Qxh7+ Kf8 42. Qf7# 1-0

[Event "Bronshoj-Nordre 1"]
[Site "1 Division 2002-2003 runde 6"]
[Date "2003.03.15"]
[Round "6.3"]
[White "Nina Hoiberg"]
[Black "Thorbjorn Bromann"]
[Result "1-0"]
[WhiteElo "2248"]
[BlackElo "2366"]
[PlyCount "75"]

1. e4 e6 2. Nf3 d5 3. e5 c5 4. b4 cxb4 5. a3 d4 6. axb4 Bxb4 7. Bb5+ Bd7 8. Qe2
Qb6 9. Bxd7+ Nxd7 10. Na3 Rc8 11. O-O Ne7 12. Nc4 Qc7 13. Nd6+ Bxd6 14. exd6
Qxd6 15. Rxa7 Rxc2 16. Qd3 Qc7 17. Ra8+ Nc8 18. Ba3 Ndb6 19. Qxd4 f6 20. Ra5
Kf7 21. Qg4 Rc4 22. d4 Nd5 23. Ng5+ fxg5 24. Rxd5 exd5 25. Qf5+ Ke8 26. Re1+
Ne7 27. Qxg5 Kd8 28. Rxe7 Kc8 29. Rxc7+ Rxc7 30. Qxd5 Re8 31. g3 g6 32. Qb5
Re1+ 33. Kg2 Rc2 34. d5 Ree2 35. Bc5 Re5 36. Bd4 Ree2 37. d6 Re6 38. d7+ 1-0

[Event "Bronshoj-Nordre 1"]
[Site "1 Division 2002-2003 runde 6"]
[Date "2003.03.15"]
[Round "6.4"]
[White "Bjorn Brinck-Claussen"]
[Black "Jan Christensen"]
[Result "1-0"]
[WhiteElo "2359"]
[BlackElo "2214"]
[PlyCount "41"]

1. e4 e5 2. Nf3 Nc6 3. Bb5 f5 4. Nc3 Nf6 5. exf5 Bc5 6. Nxe5 O-O 7. O-O Nd4 8.
Nf3 Nxb5 9. Nxb5 d5 10. Nbd4 Qe8 11. d3 Bd6 12. h3 c5 13. Re1 Qh5 14. Ne6 Bd7
15. Nxf8 Rxf8 16. Ng5 Qh4 17. Ne6 Ne4 18. Rxe4 dxe4 19. Bg5 Qxf2+ 20. Kxf2
Rxf5+ 21. Kg1 1-0

[Event "Bronshoj-Nordre 1"]
[Site "1 Division 2002-2003 runde 6"]
[Date "2003.03.15"]
[Round "6.5"]
[White "Tom Petri Petersen"]
[Black "Nikolai Skousen"]
[Result "1/2-1/2"]
[WhiteElo "2146"]
[BlackElo "2265"]
[PlyCount "140"]

1. g3 d5 2. Bg2 Nf6 3. Nf3 c5 4. O-O Nc6 5. d3 g6 6. Nbd2 Bg7 7. e4 O-O 8. Re1
h6 9. c3 dxe4 10. dxe4 Be6 11. Qe2 Rc8 12. Nb3 Qb6 13. Qc2 Rfd8 14. Bd2 a5 15.
Rad1 a4 16. Nc1 Qa5 17. h3 b5 18. b3 axb3 19. axb3 Nd7 20. Kh2 Qa3 21. Be3 c4
22. bxc4 Bxc4 23. Nd4 Na5 24. Qb1 Qa4 25. Qb4 Nc5 26. Bf3 e5 27. Nf5 gxf5 28.
Bxc5 fxe4 29. Rxd8+ Rxd8 30. Bxe4 Qxb4 31. cxb4 Nb3 32. Nxb3 Bxb3 33. Ra1 Bc4
34. Ra7 Bf8 35. Rb7 Rc8 36. Bf5 Ra8 37. Be4 Rc8 38. Be7 Kg7 39. Kg2 Be6 40.
Bxf8+ Kxf8 41. Rxb5 Rc4 42. Bd5 Bxd5+ 43. Rxd5 Rxb4 44. Rxe5 Kg7 45. Kf3 Ra4
46. Re4 Ra2 47. h4 Rb2 48. Ra4 Kg6 49. Ke3 Kg7 50. f3 Rb3+ 51. Ke4 Kg6 52. Ra6+
Kg7 53. Rd6 Ra3 54. h5 Rb3 55. g4 Ra3 56. f4 Ra4+ 57. Ke5 Ra5+ 58. Rd5 Ra4 59.
Kf5 Ra1 60. g5 hxg5 61. fxg5 Rf1+ 62. Kg4 Rg1+ 63. Kf4 Rf1+ 64. Kg3 Rh1 65. h6+
Kg6 66. Kg2 Rh5 67. Kf3 f6 68. Kg4 Rxg5+ 69. Rxg5+ fxg5 70. h7 Kxh7 1/2-1/2

[Event "Bronshoj-Nordre 1"]
[Site "1 Division 2002-2003 runde 6"]
[Date "2003.03.15"]
[Round "6.6"]
[White "Jacob Carstensen"]
[Black "Karl Pedersen"]
[Result "1/2-1/2"]
[WhiteElo "2256"]
[BlackElo "2305"]
[PlyCount "49"]

1. d4 Nf6 2. c4 g6 3. Nc3 Bg7 4. Nf3 O-O 5. g3 d5 6. Bg2 c6 7. Ne5 dxc4 8. Nxc4
Be6 9. Ne5 Nbd7 10. Nd3 Rc8 11. O-O Bc4 12. Re1 Qb6 13. e3 Rfd8 14. Qc2 c5 15.
Nxc5 Nxc5 16. dxc5 Rxc5 17. Na4 Qa5 18. Rd1 Rcc8 19. Rxd8+ Rxd8 20. Qxc4 b5 21.
Qc3 Qxa4 22. b3 b4 23. Qc4 Qd7 24. Bb2 Qd2 25. Bxf6 1/2-1/2

[Event "Bronshoj-Nordre 1"]
[Site "1 Division 2002-2003 runde 6"]
[Date "2003.03.15"]
[Round "6.7"]
[White "Per Holst"]
[Black "Nicolai Lars Palm"]
[Result "0-1"]
[WhiteElo "2155"]
[BlackElo "2252"]
[PlyCount "82"]

1. d4 d5 2. c4 e6 3. Nf3 c6 4. g3 dxc4 5. Bg2 b5 6. O-O Bb7 7. Nc3 Nd7 8. e4 a6
9. d5 e5 10. Ng5 Ngf6 11. f4 Bc5+ 12. Kh1 O-O 13. dxc6 Bxc6 14. Nd5 exf4 15.
Bxf4 h6 16. Nf3 Nxe4 17. Ne5 Nxe5 18. Bxe4 Nd3 19. Qf3 Nxf4 20. gxf4 f5 21.
Ne7+ Qxe7 22. Bxc6 Rad8 23. Rae1 Qh4 24. Bd5+ Kh8 25. Re2 Rfe8 26. Be6 Qf6 27.
Qc6 Bd4 28. Qxa6 Re7 29. Rd1 Rde8 30. Qd6 Rxe6 31. Rxe6 Rxe6 32. Qxd4 Re1+ 33.
Kg2 Rxd1 34. Qxd1 Qxb2+ 35. Kh3 Qxa2 36. Qd5 Qb1 37. Qe6 Qe4 38. Qc8+ Kh7 39.
Kg3 b4 40. h4 Qe3+ 41. Kg2 Qxf4 0-1

[Event "Bronshoj-Nordre 1"] 
[Site "1 Division 2002-2003 runde 6"] 
[Date "2003.03.15"] 
[Round "6.8"] 
[White "Kenneth Varberg"] 
[Black "Niels Danstrup"] 
[Result "0-1"] 
[WhiteElo "2265"] 
[BlackElo "2130"] 
[PlyCount "76"] 

1. c4 c6 2. e4 d5 3. exd5 cxd5 4. d4 Nf6 5. Nc3 e6 6. Nf3 Be7 7. Bd3 Nc6 8. a3 
a6 9. c5 O-O 10. b4 Nd7 11. h4 Nf6 12. Bc2 b6 13. Qd3 bxc5 14. bxc5 a5 15. Bg5 
Ba6 16. Qe3 Rb8 17. Ne5 Nxe5 18. Qxe5 Rb2 19. Kd2 Nd7 20. Bxe7 Qxe7 21. Nxd5 
Qd8 22. Qe4 g6 23. Nc3 Nxc5 24. Qe3 Bd3 25. Rac1 Bxc2 26. Rxc2 Nb3+ 27. Kd1 
Rxc2 28. Kxc2 Nxd4+ 29. Kd2 Nf5+ 30. Qd3 Qb6 31. Ke1 Rd8 32. Qb1 Qc5 33. Ne4 
Qxa3 34. g4 Nd4 35. Kf1 Qf3 36. Rg1 Qe2+ 37. Kg2 Nf5 38. h5 Qxg4+ 0-1

[Event "Helsinge 1-SK 1968 1"]
[Site "1 Division 2002-2003 runde 6"]
[Date "2003.03.15"]
[Round "6.1"]
[White "Allan Holst"]
[Black "Peter Heine Nielsen"]
[Result "1/2-1/2"]
[WhiteElo "2369"]
[BlackElo "2620"]
[PlyCount "22"]

1. d4 Nf6 2. Nf3 g6 3. Nc3 Bg7 4. e4 O-O 5. Be3 d6 6. Qd2 a6 7. Bh6 b5 8. Bd3
Bb7 9. e5 b4 10. Ne2 dxe5 11. dxe5 Nd5 1/2-1/2

[Event "Helsinge 1-SK 1968 1"]
[Site "1 Division 2002-2003 runde 6"]
[Date "2003.03.15"]
[Round "6.2"]
[White "Lars Schandorff"]
[Black "Magnus Lindfeldt"]
[Result "1-0"]
[WhiteElo "2546"]
[BlackElo "2246"]
[PlyCount "115"]

1. d4 g6 2. c4 Bg7 3. Nf3 Nf6 4. g3 O-O 5. Bg2 d6 6. O-O Nbd7 7. Nc3 c6 8. e4
e5 9. b3 exd4 10. Nxd4 Re8 11. h3 Nc5 12. Re1 a5 13. Rb1 Qb6 14. Be3 Qb4 15.
Qc2 a4 16. Bd2 axb3 17. axb3 Qb6 18. Be3 Qb4 19. Bd2 Qb6 20. Nde2 Ra3 21. b4
Ne6 22. Bc1 Ra8 23. Be3 Qa6 24. b5 cxb5 25. Nxb5 Bd7 26. Red1 Bxb5 27. cxb5 Qa4
28. Qxa4 Rxa4 29. e5 dxe5 30. Bxb7 Rb8 31. Bc6 Rc4 32. Ba7 Rc8 33. Bg2 e4 34.
b6 Nc5 35. b7 Nxb7 36. Rxb7 Rc2 37. Nf4 Rc1 38. Rxc1 Rxc1+ 39. Kh2 g5 40. Ne2
Rc2 41. Nd4 Rxf2 42. Rb8+ Bf8 43. Rxf8+ Kxf8 44. Ne6+ Ke7 45. Bxf2 Kxe6 46. Bd4
h5 47. Bf1 Nd5 48. Bc4 Kd6 49. Bxd5 Kxd5 50. Be3 f6 51. h4 gxh4 52. gxh4 Kc4
53. Kg3 Kd3 54. Kf4 f5 55. Bb6 Ke2 56. Kxf5 Kf3 57. Kg5 e3 58. Bxe3 1-0

[Event "Helsinge 1-SK 1968 1"] 
[Site "1 Division 2002-2003 runde 6"] 
[Date "2003.03.15"] 
[Round "6.3"] 
[White "Martin Matthiesen"] 
[Black "Steffen Pedersen"] 
[Result "0-1"] 
[WhiteElo "2285"] 
[BlackElo "2443"] 
[PlyCount "78"] 

1. d4 Nf6 2. Nf3 g6 3. Bg5 Bg7 4. Nbd2 O-O 5. c3 d6 6. h3 Nc6 7. e3 h6 8. Bh4 
Qe8 9. Be2 e5 10. O-O e4 11. Nh2 Nh7 12. Bc4 Na5 13. Bd5 g5 14. Bg3 Nf6 15. Bb3 
Nxb3 16. axb3 Nd5 17. Ra5 Qe6 18. h4 b6 19. Ra1 Bd7 20. b4 f5 21. hxg5 hxg5 22. 
Re1 f4 23. Nxe4 fxg3 24. Nxg3 Qh6 25. Ngf1 Rf7 26. Re2 c6 27. Qe1 Be6 28. Ra3 
Bf8 29. Qb1 Nf6 30. e4 Rh7 31. Re3 Qg6 32. Ng3 Rxh2 33. Kxh2 Ng4+ 34. Kg1 Nxe3 
35. fxe3 d5 36. Qa1 a5 37. exd5 Bxd5 38. Ra4 Bd6 39. Nf1 Qc2 0-1

[Event "Helsinge 1-SK 1968 1"] 
[Site "1 Division 2002-2003 runde 6"] 
[Date "2003.03.15"] 
[Round "6.4"] 
[White "Klaus Berg"] 
[Black "Pelle Rodkjar Bank"] 
[Result "0-1"] 
[WhiteElo "2427"] 
[BlackElo "2279"] 
[PlyCount "66"] 

1. d4 g6 2. e4 Bg7 3. Nc3 d6 4. g3 Nc6 5. Be3 e5 6. dxe5 Nxe5 7. f4 Nc6 8. Qd2 
Nf6 9. h3 O-O 10. Bg2 Re8 11. Nge2 Bd7 12. a4 Nb4 13. g4 Bc6 14. Ng3 d5 15. 
O-O-O dxe4 16. Qf2 Qe7 17. Rhe1 Qe6 18. Bd4 Na2+ 19. Kb1 Nxc3+ 20. Bxc3 e3 21. 
Qg1 Bxg2 22. Qxg2 c6 23. f5 Qc4 24. Rd4 Qc5 25. Rd3 Nd5 26. Ne4 Nxc3+ 27. bxc3 
Qb6+ 28. Kc1 Rad8 29. Rdxe3 Kh8 30. Qf3 Bf8 31. Rd3 Rxd3 32. Qxd3 Ba3+ 33. Kd2 
Rd8 0-1

[Event "Helsinge 1-SK 1968 1"]
[Site "1 Division 2002-2003 runde 6"]
[Date "2003.03.15"]
[Round "6.5"]
[White "Arne Matthiesen"]
[Black "Tomas Hutters"]
[Result "1/2-1/2"]
[WhiteElo "2286"]
[BlackElo "2392"]
[PlyCount "37"]

1. d4 d5 2. c4 c6 3. Nf3 Nf6 4. e3 e6 5. Bd3 Nbd7 6. Nbd2 Bd6 7. O-O O-O 8. e4
dxe4 9. Nxe4 Nxe4 10. Bxe4 Qc7 11. Qe2 b6 12. b3 Bb7 13. Bb2 Rfe8 14. Ne5 f5
15. Bf3 Nxe5 16. dxe5 Be7 17. g3 Rad8 18. Rad1 c5 19. Bc3 1/2-1/2

[Event "Helsinge 1-SK 1968 1"] 
[Site "1 Division 2002-2003 runde 6"] 
[Date "2003.03.15"] 
[Round "6.6"] 
[White "Niels Jorgen Fries Nielsen"] 
[Black "Lars Hansen"] 
[Result "1/2-1/2"] 
[WhiteElo "2379"] 
[BlackElo "2217"] 
[PlyCount "56"] 

1. Nf3 g6 2. c4 Bg7 3. Nc3 d6 4. g3 e5 5. Bg2 Nc6 6. d3 f5 7. Nd5 h6 8. Rb1 Nf6 
9. b4 Nxd5 10. cxd5 Ne7 11. Nd2 O-O 12. O-O Bd7 13. f4 c6 14. dxc6 Bxc6 15. 
Qb3+ Kh7 16. b5 Qb6+ 17. Rf2 Bxg2 18. Kxg2 Rae8 19. Ba3 Qd8 20. Bb2 Ng8 21. e4 
fxe4 22. dxe4 Nf6 23. fxe5 Ng4 24. Rxf8 Rxf8 25. Nf3 Nxe5 26. Bxe5 Bxe5 27. Rf1 
Qe7 28. Nxe5 Rxf1 1/2-1/2

[Event "Helsinge 1-SK 1968 1"] 
[Site "1 Division 2002-2003 runde 6"] 
[Date "2003.03.15"] 
[Round "6.7"] 
[White "Erik Sobjerg"] 
[Black "Simon Bekker-Jensen"] 
[Result "1-0"] 
[WhiteElo "2251"] 
[BlackElo "2348"] 
[PlyCount "55"] 

1. e4 c5 2. Nf3 d6 3. d4 Nf6 4. Nc3 cxd4 5. Nxd4 a6 6. Bc4 e6 7. Bb3 b5 8. Bg5 
Be7 9. Qf3 Qb6 10. O-O-O Nbd7 11. Rhe1 Nc5 12. Nf5 exf5 13. Bxf6 gxf6 14. Nd5 
Qd8 15. exf5 Ra7 16. Qe3 h6 17. Qd4 Kf8 18. Re3 a5 19. Nxe7 Nxb3+ 20. axb3 Rxe7 
21. Qxf6 Rh7 22. Rxd6 Bd7 23. Qd4 f6 24. Qxf6+ Ke8 25. Qg6+ Kf8 26. Rf6+ Ref7 
27. Rxf7+ Rxf7 28. Qxh6+ 1-0

[Event "Helsinge 1-SK 1968 1"]
[Site "1 Division 2002-2003 runde 6"]
[Date "2003.03.15"]
[Round "6.8"]
[White "David Bekker-Jensen"]
[Black "Thomas K. Christensen"]
[Result "0-1"]
[WhiteElo "2338"]
[BlackElo "2221"]
[PlyCount "98"]

1. d4 d5 2. c4 c6 3. Nc3 Nf6 4. e3 e6 5. Nf3 Nbd7 6. Qc2 Bd6 7. Bd3 dxc4 8.
Bxc4 O-O 9. O-O a6 10. a4 Qc7 11. Rd1 e5 12. h3 h6 13. Bb3 Re8 14. dxe5 Nxe5
15. Nd4 Bf8 16. f4 Ned7 17. e4 Nc5 18. e5 Nxb3 19. Nxb3 Qb6+ 20. Kh2 Be6 21.
Nd4 Nd5 22. a5 Qc5 23. Nxe6 fxe6 24. Qb3 Qb4 25. Qxb4 Bxb4 26. Bd2 Be7 27. Nxd5
cxd5 28. Be3 Rac8 29. Rac1 Bb4 30. Bb6 Rxc1 31. Rxc1 Bd2 32. Rf1 Rc8 33. Rf2
Bc1 34. g4 Rc4 35. Kg3 d4 36. b3 Rc3+ 37. Kg2 d3 38. Kf1 d2 39. Ke2 Rxh3 40.
Rf1 Rxb3 41. f5 Rb4 42. Kd3 Rf4 43. Rh1 exf5 44. gxf5 Rxf5 45. Ke4 Rf4+ 46. Kd5
Rh4 47. Rf1 Rh2 48. e6 Re2 49. Bd4 Re1 0-1

[Event "K 41-Skolerne 1"]
[Site "1 Division 2002-2003 runde 6"]
[Date "2003.03.15"]
[Round "6.1"]
[White "Davor Palo"]
[Black "Henrik Danielsen"]
[Result "0-1"]
[WhiteElo "2489"]
[BlackElo "2504"]
[PlyCount "50"]

1. d4 e6 2. Nf3 f5 3. g3 Nf6 4. Bg2 d5 5. O-O Bd6 6. c4 c6 7. Bf4 Bxf4 8. gxf4
O-O 9. Nbd2 Bd7 10. Qb3 Qc8 11. Ne5 Be8 12. e3 Nbd7 13. Nxd7 Qxd7 14. Nf3 Bh5
15. Ne5 Qe7 16. Qc2 Ng4 17. Nf3 Kh8 18. Rab1 Nf6 19. cxd5 Nxd5 20. Ne5 g5 21.
Bxd5 cxd5 22. Kh1 Rac8 23. Qd2 gxf4 24. exf4 Qc7 25. Rbc1 Qxe5 0-1

[Event "K 41-Skolerne 1"]
[Site "1 Division 2002-2003 runde 6"]
[Date "2003.03.15"]
[Round "6.2"]
[White "Jacob Aagaard Madsen"]
[Black "Karsten Rasmussen"]
[Result "0-1"]
[WhiteElo "2371"]
[BlackElo "2386"]
[PlyCount "64"]

1. e4 c6 2. d4 d5 3. Nc3 dxe4 4. Nxe4 Bf5 5. Ng3 Bg6 6. Bc4 e6 7. N1e2 Nf6 8.
O-O Nbd7 9. f4 Nb6 10. Bd3 Bxd3 11. Qxd3 g6 12. a4 Bg7 13. f5 exf5 14. Nxf5
gxf5 15. Ng3 O-O 16. Bg5 h6 17. Bh4 f4 18. Rxf4 Nbd5 19. Rf3 Re8 20. Nf5 Re4
21. Rg3 Rxh4 22. Rxg7+ Kh8 23. Rxf7 Rg4 24. Rf1 Qg8 25. Nxh6 Rxg2+ 26. Kh1 Qg6
27. Qh3 Nf4 28. Qf3 Rxh2+ 29. Kxh2 Qxh6+ 30. Kg3 Rg8+ 31. Kf2 Qh4+ 32. Ke3 Rg3
0-1

[Event "K 41-Skolerne 1"]
[Site "1 Division 2002-2003 runde 6"]
[Date "2003.03.15"]
[Round "6.3"]
[White "Jan Sorensen"]
[Black "Roland Reinhard Greger"]
[Result "1-0"]
[WhiteElo "2405"]
[BlackElo "2359"]
[PlyCount "73"]

1. e4 e6 2. d4 d5 3. Nd2 Nf6 4. e5 Nfd7 5. Bd3 c5 6. c3 Nc6 7. Ne2 cxd4 8. cxd4
f6 9. exf6 Nxf6 10. O-O Bd6 11. Nf3 Qc7 12. Nc3 a6 13. Bg5 O-O 14. Bh4 Nh5 15.
Rc1 g6 16. Be2 Qg7 17. Na4 Nf4 18. Nb6 Rb8 19. Kh1 e5 20. dxe5 Nxe2 21. Bf6
Rxf6 22. exf6 Qxf6 23. Qxe2 Bg4 24. Nxd5 Qf7 25. Ne3 Bxf3 26. Qxf3 Qxa2 27. Nc4
Be7 28. Qc3 Qa4 29. Nb6 Qb5 30. Nd7 Rd8 31. Rfd1 Qf5 32. Qb3+ Kh8 33. Qxb7 Nb4
34. Qa7 Nd3 35. Qd4+ Bf6 36. Qxd3 Rxd7 37. Qxd7 1-0

[Event "K 41-Skolerne 1"]
[Site "1 Division 2002-2003 runde 6"]
[Date "2003.03.15"]
[Round "6.4"]
[White "Esben Lund"]
[Black "Henrik El-Kher"]
[Result "0-1"]
[WhiteElo "2329"]
[BlackElo "2390"]
[PlyCount "42"]

1. d4 Nf6 2. c4 c5 3. d5 e6 4. Nc3 exd5 5. cxd5 d6 6. e4 g6 7. f4 Bg7 8. Nf3
O-O 9. Be2 Bg4 10. Qb3 Na6 11. e5 dxe5 12. fxe5 Nd7 13. e6 Ne5 14. Qxb7 Nc7 15.
Be3 Rb8 16. Qxa7 Rxb2 17. O-O-O Bxf3 18. gxf3 Qf6 19. Ne4 Nd3+ 20. Rxd3 Rb1+
21. Kxb1 Qb2# 0-1

[Event "K 41-Skolerne 1"] 
[Site "1 Division 2002-2003 runde 6"] 
[Date "2003.03.15"] 
[Round "6.5"] 
[White "Jens S. Kjeldsen"] 
[Black "Kristen Schmidt"] 
[Result "0-1"] 
[WhiteElo "2435"] 
[BlackElo "2335"] 
[PlyCount "84"] 

1. d4 Nf6 2. c4 g6 3. Nc3 Bg7 4. e4 d6 5. f3 O-O 6. Bg5 c6 7. Qd2 a6 8. O-O-O 
b5 9. Bh6 Nbd7 10. h4 Qa5 11. h5 b4 12. Nb1 Qxa2 13. hxg6 fxg6 14. Bxg7 Kxg7 
15. g4 Kg8 16. Qh6 Rf7 17. e5 a5 18. e6 Rg7 19. exd7 Nxd7 20. Rh2 Ba6 21. Rc2 
e5 22. Qe3 Rf7 23. b3 exd4 24. Rxd4 Qa1 25. Rxd6 a4 26. bxa4 b3 27. Rb2 Qxa4 
28. Qxb3 Qa5 29. Qc3 Qg5+ 30. Qd2 Qe7 31. Nc3 Nc5 32. Be2 Qh4 33. Kc2 Re8 34. 
Rxc6 Qf2 35. Nh3 Qh2 36. Ng5 Rd7 37. Qc1 Nd3 38. Qf1 Nxb2 39. Rxa6 Nxc4 40. Qc1 
Rxe2+ 41. Nxe2 Qxe2+ 42. Kb1 Nd2+ 0-1

[Event "K 41-Skolerne 1"]
[Site "1 Division 2002-2003 runde 6"]
[Date "2003.03.15"]
[Round "6.6"]
[White "Jens Hartung-Nielsen"]
[Black "Mads Boe"]
[Result "0-1"]
[WhiteElo "2224"]
[BlackElo "2372"]
[PlyCount "67"]

1. d4 f5 2. g3 Nf6 3. Bg2 e6 4. Nf3 Be7 5. c4 O-O 6. O-O d6 7. Nc3 Qe8 8. Re1
Qh5 9. e4 fxe4 10. Nxe4 Nc6 11. Bf4 h6 12. h4 Bd7 13. Qd2 Rae8 14. Nc3 Nd8 15.
Rad1 Ng4 16. Re2 Nf7 17. Ne4 Nh8 18. b4 Ng6 19. Be3 Bc6 20. Qd3 d5 21. cxd5
Bxd5 22. Bd2 Qf5 23. Bc3 b5 24. Nfd2 h5 25. a3 Rd8 26. Qf3 Qxf3 27. Nxf3 Bf6
28. Nc5 Rfe8 29. Rde1 Bc4 30. Re4 Nf8 31. Bb2 Nh6 32. Ne5 Bxe5 33. Rxe5 Nf5 34.
Bc6 {Time} 0-1

[Event "K 41-Skolerne 1"]
[Site "1 Division 2002-2003 runde 6"]
[Date "2003.03.15"]
[Round "6.7"]
[White "Uffe Vinther-Schou"]
[Black "Eric Brondum"]
[Result "1-0"]
[WhiteElo "2351"]
[BlackElo "2212"]
[PlyCount "49"]

1. e4 g6 2. d4 Bg7 3. Nc3 c6 4. Be3 b5 5. Bd3 d6 6. Nf3 Nd7 7. Qd2 a6 8. a4 Bb7
9. h3 Qc7 10. O-O Ngf6 11. axb5 axb5 12. Rxa8+ Bxa8 13. Ne2 O-O 14. Ng3 Bb7 15.
Bh6 Ra8 16. Bxg7 Kxg7 17. Qg5 Ng8 18. h4 b4 19. h5 Kf8 20. e5 dxe5 21. dxe5 Ra5
22. hxg6 hxg6 23. Re1 Nc5 24. Bxg6 fxg6 25. Qxg6 1-0

[Event "K 41-Skolerne 1"]
[Site "1 Division 2002-2003 runde 6"]
[Date "2003.03.15"]
[Round "6.8"]
[White "Brian Jorgensen"]
[Black "Thomas Ochsner"]
[Result "1/2-1/2"]
[WhiteElo "2255"]
[BlackElo "2355"]
[PlyCount "89"]

1. d4 Nf6 2. Nf3 e6 3. e3 b6 4. Bd3 Bb7 5. O-O d5 6. Nbd2 Bd6 7. Qe2 Ne4 8. Ne5
O-O 9. f3 Nxd2 10. Bxd2 f6 11. f4 Nd7 12. Qh5 f5 13. Nxd7 Qxd7 14. g4 Qf7 15.
Qxf7+ Rxf7 16. g5 a5 17. a4 Ba6 18. Bxa6 Rxa6 19. Kf2 Ra8 20. Kf3 Rc8 21. Rg1
Rd7 22. h4 Kf7 23. h5 Kf8 24. Rgb1 c5 25. c3 Ra7 26. Ke2 Ke7 27. Kd3 Kd7 28.
Ra2 Rca8 29. Rba1 Rb8 30. Kc2 Rc8 31. Kd3 Rc6 32. Ke2 Rb7 33. Bc1 Bc7 34. Bd2
Kc8 35. Ra3 c4 36. b4 axb4 37. cxb4 Bd6 38. Bc3 Ra7 39. R3a2 Rcc7 40. Kd2 Kb8
41. Kc2 Ra8 42. Kb2 Kb7 43. Kc2 Kc6 44. Kb2 Re7 45. Kc2 1/2-1/2

[Event "Sydkysten 1-Arhus"]
[Site "1 Division 2002-2003 runde 6"]
[Date "2003.03.15"]
[Round "6.1"]
[White "Rasmus Skytte"]
[Black "Steen Skovlund Larsen"]
[Result "1/2-1/2"]
[WhiteElo "2402"]
[BlackElo "2318"]
[PlyCount "65"]

1. e4 c5 2. c3 d5 3. exd5 Qxd5 4. d4 Nf6 5. Nf3 e6 6. Bd3 Nc6 7. O-O cxd4 8.
cxd4 Be7 9. Nc3 Qd8 10. a3 O-O 11. Bc2 b6 12. Qd3 a5 13. Rd1 Ba6 14. Qe3 Rc8
15. Ne5 Nd5 16. Nxd5 exd5 17. Bf5 Rc7 18. Qh3 g6 19. Bh6 Nxe5 20. dxe5 Re8 21.
e6 f6 22. Be4 Bb7 23. Bf4 Bd6 24. Bxd5 Bxf4 25. Bxb7 Qe7 26. Bd5 Be5 27. Qb3
Qc5 28. g3 Kg7 29. Bf3 a4 30. Rd7+ Rxd7 31. exd7 Rd8 32. Qxa4 b5 33. Qb3
1/2-1/2

[Event "Sydkysten 1-Arhus"]
[Site "1 Division 2002-2003 runde 6"]
[Date "2003.03.15"]
[Round "6.2"]
[White "Esben Ejsing"]
[Black "Jan Pedersen"]
[Result "0-1"]
[WhiteElo "2313"]
[BlackElo "2407"]
[PlyCount "82"]

1. e4 e6 2. d4 d5 3. Nd2 Nc6 4. Ngf3 Nf6 5. e5 Nd7 6. Bd3 f6 7. Ng5 Ndxe5 8.
dxe5 fxg5 9. Qh5+ Kd7 10. Nf3 g6 11. Qg4 Bg7 12. Bxg5 Qf8 13. O-O-O Nb4 14. Be4
Ke8 15. Nh4 Bxe5 16. a3 Qg7 17. axb4 dxe4 18. Qxe4 Bxb2+ 19. Kb1 Bf6 20. Be3 a5
21. b5 Qe7 22. Bd4 Qb4+ 23. Kc1 Qa3+ 24. Kb1 Qb4+ 25. Kc1 Bg5+ 26. f4 Bxh4 27.
Qe5 Rf8 28. Qg7 Bf6 29. Bxf6 Qxf4+ 30. Kb1 Qxf6 31. Qxc7 Qe7 32. Qb6 Rf5 33.
Rd6 Bd7 34. c4 Rc8 35. Re1 e5 36. g4 Rf4 37. Rxd7 Kxd7 38. Qxb7+ Rc7 39. Rd1+
Ke8 40. Qa8+ Kf7 41. Qd5+ Kg7 0-1

[Event "Sydkysten 1-Arhus"]
[Site "1 Division 2002-2003 runde 6"]
[Date "2003.03.15"]
[Round "6.3"]
[White "Daniel Vesterbak Pedersen"]
[Black "Peter Larsen"]
[Result "0-1"]
[WhiteElo "2344"]
[BlackElo "2277"]
[PlyCount "82"]

1. e4 e6 2. d4 d5 3. Nc3 Be7 4. Nf3 Nf6 5. Bd3 c5 6. exd5 cxd4 7. Bb5+ Bd7 8.
Bxd7+ Qxd7 9. dxe6 Qxe6+ 10. Ne2 Nc6 11. O-O O-O-O 12. Nexd4 Nxd4 13. Nxd4 Qe4
14. c3 Bc5 15. Qf3 Bxd4 16. Qxe4 Bxf2+ 17. Rxf2 Rd1+ 18. Rf1 Rxf1+ 19. Kxf1
Nxe4 20. Be3 a6 21. Bd4 f6 22. Ke2 Re8 23. Kd3 Kd7 24. c4 f5 25. b4 Re6 26. Rf1
g6 27. a4 Nf6 28. b5 Ke7 29. Rb1 Nh5 30. c5 Nf4+ 31. Kc4 Re4 32. Rb2 Ne2 33.
Rd2 Ke6 34. Rd3 f4 35. Rd2 a5 36. h3 g5 37. Rd3 h5 38. Rd2 g4 39. hxg4 hxg4 40.
Rd3 g3 41. b6 Kd7 0-1

[Event "Sydkysten 1-Arhus"]
[Site "1 Division 2002-2003 runde 6"]
[Date "2003.03.15"]
[Round "6.4"]
[White "Mikkel Strange"]
[Black "Peter Husted"]
[Result "1/2-1/2"]
[WhiteElo "2252"]
[BlackElo "2191"]
[PlyCount "116"]

1. e4 c5 2. Nf3 Nc6 3. Nc3 e6 4. d4 cxd4 5. Nxd4 Qc7 6. g3 a6 7. Bg2 d6 8. O-O
Bd7 9. Re1 Be7 10. Nxc6 Bxc6 11. Bf4 Nf6 12. e5 dxe5 13. Bxe5 Qb6 14. Ne4 Nxe4
15. Bxe4 Bxe4 16. Rxe4 O-O 17. Qg4 g6 18. Qf4 f6 19. Bc3 Rad8 20. Rc4 Rd7 21.
Re1 e5 22. Qf3 Rfd8 23. a4 Qe6 24. b3 Qd5 25. Qxd5+ Rxd5 26. Rc7 R5d7 27. Rxd7
Rxd7 28. Re2 Kf7 29. Kg2 Rc7 30. Ba5 Rc6 31. c4 b6 32. Bd2 a5 33. Be3 Ke6 34.
Rd2 Bd6 35. Rd5 Bc7 36. Kf3 h5 37. Ke2 Bd6 38. Rb5 Bc7 39. Kd3 Rd6+ 40. Kc3 Kd7
41. b4 axb4+ 42. Kxb4 Kc6 43. Bxb6 Rd2 44. a5 Bd6+ 45. Kc3 Ra2 46. Be3 Bc7 47.
Kb4 Rb2+ 48. Ka4 Ra2+ 49. Kb4 Rb2+ 50. Kc3 Rxb5 51. cxb5+ Kxb5 52. a6 Kxa6 53.
Kc4 f5 54. Bg5 Bb6 55. Kd5 e4 56. Ke6 Bxf2 57. Kf7 e3 58. Bxe3 Bxe3 1/2-1/2

[Event "Sydkysten 1-Arhus"]
[Site "1 Division 2002-2003 runde 6"]
[Date "2003.03.15"]
[Round "6.5"]
[White "Jakob Bjerre Jensen"]
[Black "Hans Dahl Pedersen"]
[Result "1-0"]
[WhiteElo "2169"]
[BlackElo "2211"]
[PlyCount "79"]

1. d4 d5 2. c4 e6 3. Nc3 c6 4. Nf3 Nf6 5. e3 Nbd7 6. Bd3 dxc4 7. Bxc4 b5 8. Bd3
a6 9. e4 Bb7 10. e5 Nd5 11. Nxd5 cxd5 12. Ng5 Bb4+ 13. Kf1 Qe7 14. h4 h6 15.
Qh5 Nf8 16. Nh3 Rc8 17. Qg4 f5 18. exf6 Qxf6 19. Be3 Bd6 20. Nf4 Bxf4 21. Qxf4
Nd7 22. Qxf6 Nxf6 23. f3 O-O 24. Ke2 Nh5 25. Kd2 Rc7 26. Rac1 Rfc8 27. Rxc7
Rxc7 28. g4 Nf6 29. g5 hxg5 30. hxg5 Nd7 31. Bf4 Rc6 32. Re1 Bc8 33. Bf1 Nf8
34. Bg3 Bd7 35. f4 Be8 36. f5 Bh5 37. Bg2 Rc4 38. Bf2 Rb4 39. b3 Bf7 40. Kc3
1-0